000 00484nam a2200193Ia 4500
005 20240823010418.0
008 240823s9999||||xx |||||||||||||| ||und||
041 _aENGLISH
082 _A620.106 P0
100 _a"Som,S K"
245 0 _aIntroduction to Fluid Mechanics and Fluid Machines
250 _a1st
260 _c2000
_b"TMH,New Delhi"
500 _aYES
650 _aFluid Mechanics
_bAeronautical Engineering
700 _a Biswas G
942 _cBK
999 _c158547
_d158547